| 000 | 00515nam a22001817a 4500 | ||
|---|---|---|---|
| 003 | CEME | ||
| 005 | 20210628210053.0 | ||
| 008 | 210211b xxu||||| |||| 00| 0 eng d | ||
| 020 | _a81-203-1365-8 | ||
| 040 | _c. | ||
| 082 | _a620.004 BIR | ||
| 100 |
_aDriver, Robert Birmingham, Richard Maffin, David _978046 |
||
| 245 | _aUnderstanding engineering design context theory and practice | ||
| 260 |
_aNEW DELHI _bPREBTICE HALL _c1997 |
||
| 300 | _a159P | ||
| 650 |
_aENGINEERING DESIGN _919438 |
||
| 942 |
_cBK _2ddc |
||
| 999 |
_c583204 _d583204 |
||